ბათუმის შოთა რუსთაველის სახელმწიფო უნივერსიტეტის ბიბლიოთეკა

თხზულებანი : სრული კრებული 7 ტომად. ტ. 5 (ბიბ.ჩანაწერი № 48815)

000 -LEADER
fixed length control field 01013nam a2200241Ia 4500
001 - CONTROL NUMBER
control field 15717
003 - CONTROL NUMBER IDENTIFIER
control field GE_BSU
008 - FIXED-LENGTH DATA ELEMENTS--GENERAL INFORMATION
fixed length control field 181216s||||||||xx |||||||||||||| ||und||
040 ## - CATALOGING SOURCE
Transcribing agency GE_BSU
080 ## - UNIVERSAL DECIMAL CLASSIFICATION NUMBER
Universal Decimal Classification number 821.353.1 + 821.353.1-2
100 ## - MAIN ENTRY--PERSONAL NAME
Personal name წერეთელი, ა. (აკაკი, 1840-1915)
245 ## - TITLE STATEMENT
Title თხზულებანი : სრული კრებული 7 ტომად. ტ. 5
245 ## - TITLE STATEMENT
Remainder of title დრამატიული ნაწერები
245 ## - TITLE STATEMENT
Statement of responsibility, etc. ი. გრიშაშვილის რედ.. მხ. ლადო გრიგოლია
260 ## - PUBLICATION, DISTRIBUTION, ETC.
Place of publication, distribution, etc. თბილისი
260 ## - PUBLICATION, DISTRIBUTION, ETC.
Name of publisher, distributor, etc. სახელგამი
260 ## - PUBLICATION, DISTRIBUTION, ETC.
Date of publication, distribution, etc. 1949
300 ## - PHYSICAL DESCRIPTION
Extent 584გვ.25სმ.
300 ## - PHYSICAL DESCRIPTION
Accompanying material დანართი: რედაქტორის შენიშვნები ი. გრიშაშვილი. გვ. 543-580
653 ## - INDEX TERM--UNCONTROLLED
Uncontrolled term დრამატიული ნაწერები
653 ## - INDEX TERM--UNCONTROLLED
Uncontrolled term თხზულებანი
942 ## - ADDED ENTRY ELEMENTS (KOHA)
Koha item type წიგნი
ეგზემპლარები
Withdrawn status Lost status Damaged status Not for loan Date acquired Barcode Date last seen Price effective from Koha item type
        2018-12-17 38869 2018-12-17 2018-12-17 წიგნი
        2018-12-17 38870 2018-12-17 2018-12-17 წიგნი
        2018-12-17 38871 2018-12-17 2018-12-17 წიგნი
        2018-12-17 38872 2018-12-17 2018-12-17 წიგნი